[Event "Titled Tuesday intern op 27th Jan"]
[Site "Chess.com INT"]
[Date "2015.01.27"]
[Round "1"]
[White "Rodriguez Portela, Daniel"]
[Black "Ehlvest, Jaan"]
[Result "1-0"]
[WhiteElo "2280"]
[BlackElo "2547"]
[PlyCount "82"]
[EventDate "2015.01.27"]
[EventType "swiss (blitz)"]
[EventRounds "9"]
[EventCountry "USA"]
[SourceTitle "EXT 2021"]
[Source "ChessBase"]
[SourceDate "2020.10.23"]
[SourceVersion "1"]
[SourceVersionDate "2020.10.23"]
[SourceQuality "1"]

1. e4 e5 2. Nf3 Nc6 3. Bc4 Nf6 4. Ng5 d5 5. exd5 Na5 6. Bb5+ c6 7. dxc6 bxc6 8. Bd3 Nd5 9. Nf3 Bd6 10. 0-0 0-0 11. Re1 Re8 12. Nc3 Bg4 13. h3 Bh5 14. Be4 Bc7 15. d3 h6 16. Bd2 Nb7 17. Qe2 Nc5 18. Rad1 Ne6 19. Qf1 Rb8 20. Bc1 Ne7 21. g4 Bg6 22. Qg2 Qd7 23. Nh4 Bh7 24. Nf5 Nd4 25. Nxd4 exd4 26. Bxh7+ Kxh7 27. Na4 Ng6 28. Nc5 Qd6 29. Na6 Rxe1+ 30. Rxe1 Ba5 31. Nxb8 Bxe1 32. Nxc6 Nh4 33. Qe4+ f5 34. gxf5 Bxf2+ 35. Kf1 Qg3 36. f6+ Kh8 37. fxg7+ Kxg7 38. Qg4+ Qxg4 39. hxg4 Be3 40. Bxe3 dxe3 41. Ke2 Ng2 1-0